00899nam a2200253 a 450000100060000000300080000600500170001400800410003102000150007203500190008704000310010604100080013708200250014510000360017024500730020626000510027930000260033049000780035650400500043465000260048465000280051065000240053883000830056251570BD-RjUL20211209075700.0160831s1969 nyu b 001 0 eng  a0444000518 a(BD-RjUL)51690 aBD-RjULcDLCdBD-RjULbeng aeng00a539.72223bSRS 19691 aSrinivasan, S. K.q(S. Kidambi)10aStochastic theory and cascade processes /cby S. Kidambi Srinivasan. aNew York :bAmerican Elsevier Pub. Co.,c1969. axvi, 216 p. ;c24 cm.1 aModern analytic and computational methods in science and mathematics,v15 aIncludes bibliographical references and Index 0aStochastic processes. 0aElectromagnetic theory. 0aCosmic ray showers. 0aModern analytic and computational methods in science and mathematics ;vv. 15.